K odpisovaniu osobných automobilov po 1. januári 1999
Odpisovanie osobných automobilov a zahrňovanie nájomného do daňových výdavkov z prenajatých osobných automobilov je upravené novelou zákona o daniach z príjmov (zákon č. 397/1998 Z.z.). Limitovanie výšky nájomných splátok. (Príklady). Obmedzenia platné v rokoch 1995 a 1996.
Enregistré dans:
| Auteur principal: | |
|---|---|
| Format: | Chapitre de livre |
| Langue: | slovaque |
| Sujets: | |
| Tags: |
Pas de tags, Soyez le premier à ajouter un tag!
|
MARC
| LEADER | 00000naa a2200000 4500 | ||
|---|---|---|---|
| 001 | r034620 | ||
| 005 | 20230926080837.1 | ||
| 041 | 0 | |a slo | |
| 044 | |a SK | ||
| 245 | 1 | 0 | |a K odpisovaniu osobných automobilov po 1. januári 1999 |c Zdenka Kováčová |
| 520 | |a Odpisovanie osobných automobilov a zahrňovanie nájomného do daňových výdavkov z prenajatých osobných automobilov je upravené novelou zákona o daniach z príjmov (zákon č. 397/1998 Z.z.). Limitovanie výšky nájomných splátok. (Príklady). Obmedzenia platné v rokoch 1995 a 1996. | ||
| 610 | 2 | 0 | |a odpisy |
| 610 | 2 | 0 | |a odpisy daňové |
| 610 | 2 | 0 | |a automobily osobné |
| 610 | 2 | 0 | |a limity |
| 610 | 2 | 0 | |a daňovníci |
| 610 | 2 | 0 | |a splátky |
| 610 | 2 | 0 | |a nájomné |
| 610 | 2 | 0 | |a výdavky |
| 610 | 2 | 0 | |a prenájom |
| 610 | 2 | 0 | |a 1999 |
| 100 | 1 | |a Kováčová, Zdenka | |